000 00764nam a22001815i 4500
001 163929
003 ES-MaACL
005 20250911063559.0
008 990413s1890 sp |||| | spa d
040 _aCCPB | B
_bspa
_cCCPB | B
100 1 _aRomero Girón, Vicente,
_d1835-1900
_999395
245 1 0 _aDiscurso pronunciado en el Senado con motivo de la discusion de los presupuestos generales del estado el viernes 27 de junio de 1890 /
_cpor Vicente Romero Girón.
260 _aMadrid :
_b[s.n.],
_c1890 (
_fJ. Gongora y Alvarez, impresor)
300 _a59 p. ;
_c23 cm.
599 _aRetrato del autor en prelim.
852 _aES-MaACL
_jT-549-F-7
_z-- Enc. hol. conservando la cub. original
_z-- Enc. en un vol. facticio
999 _c163929
_d163929